Quizzes
Events
Quiz Creation
Community
Videos
Private Events
Remove Ads
Sign In
Join for FREE
Feedback
Dark Mode
Quiz Categories
Sports
Geography
Music
Movies
Television
Just For Fun
Miscellaneous
History
Literature
Language
Science
Gaming
Entertainment
Religion
Holiday
For Kids
Quiz Lab
Recent
Popular Today
Quiz Kudos Today
Editor Picks
Curator Picks
Quizzes by...
Day
Popularity
Type
Ratings
Length
Year
Community
Subscriptions
Recent Discussions
Orange Saloon
Badges
Playlists
Quests
Create
Leaderboards
Showdown
Live 5
Trivia Bingo
Activity
Puzzle Library
Sporcle Events
Private Events
Virtual Trivia
Globe League
Become a Host
Pub Owners
SporcleCon
Opinionation
Our Games
Videos
Blog
Mobile Apps
Partnerships
Remove Ads and Go Orange
Feedback
Miscellaneous
Crossword
General Knowledge
Baby Names
Logo
Food
Cars
Numbers
Grab Bag
University
College
Popular
Company
Slogans
Restaurants
Justice
Letter
Miscellaneous
Crossword
General Knowledge
Baby Names
Logo
Food
Cars
Numbers
Grab Bag
University
College
Popular
Company
Slogans
Restaurants
Justice
Letter
Random Quiz
Search Sporcle
×
Quiz Lab
Quiz Lab
Miscellaneous
Alphabet
Type in answers that appear in a list
Type in answers that appear in a list
Classic
Best Score? Go Orange.
Alphabetically First People Stats
Can you name the first person listed in Merriam-Webster's Collegiate Dictionary for each letter of the alphabet?
By
Trazom
15m
26 Questions
90 Plays
90 Plays
90 Plays
Comments
Comments
Give Quiz Kudos
Give Quiz Kudos
-
- Ratings
hide this ad
Replay
Link that replays current quiz
Next Quiz
Link to next quiz in quiz playlist
You Got
0%
They Got
Avg Score
14%
Avg Friend Score
Upgrade to see
Score Distribution
Jump to the score distribution portion of the page
Score
0/26
Timer
15:00
0
Plays Today
Letter
Person
% Correct
A
Hank Aaron
81.1%
M
Yo-Yo Ma
51.1%
S
Eero Saarinen
27.8%
B
Charles Babbage
25.6%
N
Vladimir Nabokov
25.6%
O
Joyce Carol Oates
24.4%
G
Clark Gable
20%
X
Xanthippe
17.8%
R
Francois Rabelais
13.3%
T
Tacitus
13.3%
H
Haakon VII
8.9%
D
Louis Daguerre
6.7%
Y
Elihu Yale
6.7%
Letter
Person
% Correct
E
James Buchanan Eads
5.6%
K
Joseph Kabila
5.6%
U
Paolo Uccello
5.6%
I
Pierre Le Moyne d'Iberville
4.4%
F
Fabiola
3.3%
L
Jean de La Bruyere
3.3%
V
Atal Behari Vajpayee
3.3%
W
Johannes van der Waals
3.3%
C
Alvar Nunez Cabeza de Vaca
2.2%
J
Jabir ibn Hayyan
2.2%
P
Juho Paasikivi
2.2%
Q
Francis Quarles
2.2%
Z
Sad Zaghlul
2.2%
Quiz Playlist
Details
Report
Send in Message
Add To Playlist
Classic:
Type in answers that appear in a list
Last Updated: Feb 16, 2017
Quiz Scoreboard
CHALLENGE
Sign Up to Join the Scoreboard
Show All
Scores
Hide
Comments
May contain spoilers
Recently Published
Click the 1999 NBA Draft
by nibperrychub
Sports
2m
Alphabetical 'K' Countries by Flag Minefield
by ylime102
Geography
3m
Pick 6: Fruits
by JohnFran
Miscellaneous
15s
More to Explore
Quiz From the Vault
Featured Blog Post
15 Basketball Trivia Facts You Can Be March Mad About
hide this ad
You Might Also Like...
Tags
Alphabet Quiz
Letter Quiz
collegiate
Collegiate Dictionary
Dictionary
Merriam-Webster
occupation
Person
Today's Top Quizzes in Miscellaneous
Browse Miscellaneous
hide this ad
Today's Top Quizzes in Alphabet
Browse Alphabet
Top Contributed Quizzes in Miscellaneous
1
Spring Months consonants
2
The JOE quick-fire general knowledge quiz: Day 166
3
Pick 6: Vegetables
4
Pick 6: Supreme Pizza
5
Four Seasons
6
Pick 6: University Mascots
7
The JOE quick-fire general knowledge quiz: Day 165
8
Guess the 'S' Things in 3 Words
9
Sporcle Acrostic Puzzle XXXV
10
Guess the 'T' Things in 3 Words
Explore More
Trending Topics
NBA
Harry Potter
Disney
Crossword
Marvel
Anime
Kpop
The Office
Song
NFL
Pokémon
WWE
Soccer
Puzzle
Country
hide this ad
More By:
Trazom
Quiz
Plays
Rating
Category
Featured
Created
US Daily Newspapers
25,056
4.57
Miscellaneous
Mar 30, 2012
Clickable Opera Composers
1,484
5.00
Music
Mar 29, 2012
Opera Composers A-Z
1,181
4.80
Music
May 6, 2011
Classical Composer Lifespans (clickable matchup)
875
5.00
Music
Dec 30, 2012
Opera Titles A-Z
700
4.50
Music
Sep 16, 2011
Go to Creator's Profile
Score Distribution
Quiz Creator Spotlight
Trazom
Follow
Send a Message
Quizzes Created
-
Created Quiz Play Count
-
More By This Creator
Popular Quizzes Today
1
Countries of Asia Without Outlines Minefield
2
Find the US States - No Outlines Minefield
3
Pick 6: Fruits
4
Alphabetical 'K' Countries by Flag Minefield
5
The Countries of the World
6
Find the Countries of Europe - No Outlines Minefield
7
Find the US States
8
US States
More Miscellaneous Quizzes
Food Quiz: French Desserts
Editor's Pick
Trending Quizzes
Pick 6: Mountains
Pick 6: Harry Potter
Pick 6: Flags
Pick 6: NFL Teams
Pick 6: Movie Franchises
Recently Updated
NWSL Teams
pecheneg
Women's Final Four Teams by Year
bhenderson79
Presidents Quartet II
eogle
Anything But Clue(do)
eogle
Anything But Oceanian Capitals
eogle
Anything But 7
eogle
Anything But Thing
eogle
Word Ladder: February 29
pecheneg
Song Title Questions
pecheneg
Women's NCAA Tournament #1 Seeds
pecheneg
Trending Topics
Disney
Anime
Marvel
Crossword
Kpop
Harry Potter
NBA
NFL
The Office
Country
WWE
Pokémon
Song
Soccer
Puzzle
Your Account Isn't Verified!
In order to create a playlist on Sporcle, you need to verify the email address you used during registration. Go to your
Sporcle Settings
to finish the process.
Report this User
Report this user for behavior that violates our
Community Guidelines
.
Details:
Send Report
Go to the Sporcle.com Mobile Site →
Comments